00426nam a2200145Ia 4500003000400000008004100004020002300045040000800068041000700076082002100083100002900104245008900133260005000222300000800272LDD190117s9999 xx 000 0 und d a8170554128c₹125 cLDD ahi a8u4.7 मु7466 aराजकिशोर 0aमुसलमान क्या सोचते है?cराजकिशोर aनई दिल्लीbवाणीc1995 a143